| 000 | 00633nab a2200193 a 4500 | ||
|---|---|---|---|
| 005 | 20210219161850.0 | ||
| 008 | 991125s1985 mx 000 0 spa u | ||
| 035 | _aUPN01000193234 | ||
| 100 | 1 | _aLópez Pacheco, Jairo Antonio | |
| 222 | _aREVISTA MEXICANA DE SOCIOLOGIA | ||
| 245 | _aAccountability social, organizaciones no gubernamentales de derechos humanos y conflicto político en Colombia, 2002-2010 | ||
| 300 | _a255-286 | ||
| 362 | 0 | _a2013 Año 75, no. 2, abr.-jun. | |
| 653 | 0 | _aACCOUNTABILITY SOCIAL | |
| 653 | 0 | _aDERECHOS HUMANOS | |
| 653 | 0 | _aCOLOMBIA | |
| 653 | 0 | _aMOVILIZACIONES SOCIALES | |
| 905 | _aArticulo | ||
| 999 |
_c165335 _d165335 |
||